Murder at Morija: (Record no. 123862)
[ view plain ]
| 000 -LEADER | |
|---|---|
| fixed length control field | 00716nam a22001937a 4500 |
| 008 - FIXED-LENGTH DATA ELEMENTS--GENERAL INFORMATION | |
| fixed length control field | 151208b xxu||||| |||| 00| 0 eng d |
| 020 ## - INTERNATIONAL STANDARD BOOK NUMBER | |
| International Standard Book Number | 9780813925295 |
| 050 ## - LIBRARY OF CONGRESS CALL NUMBER | |
| Classification number | BV3625.B5J33 2005 |
| 100 ## - MAIN ENTRY--PERSONAL NAME | |
| Personal name | Couzens, Tim |
| 9 (RLIN) | 21280 |
| 245 ## - TITLE STATEMENT | |
| Title | Murder at Morija: |
| Remainder of title | Faith, mystery, and tragedy on an African Mission |
| Statement of responsibility, etc | / Tim Couzens |
| 260 ## - PUBLICATION, DISTRIBUTION, ETC. (IMPRINT) | |
| Place of publication, distribution, etc | London |
| Name of publisher, distributor, etc | University of Virginia Press |
| Date of publication, distribution, etc | 2005 |
| 300 ## - PHYSICAL DESCRIPTION | |
| Extent | xx, 474p. ; |
| Dimensions | 23cm. |
| 600 ## - SUBJECT ADDED ENTRY--PERSONAL NAME | |
| Personal name | Jacottet, Edouard |
| Dates associated with a name | 1858-1920 |
| 9 (RLIN) | 21281 |
| 650 ## - SUBJECT ADDED ENTRY--TOPICAL TERM | |
| Topical term or geographic name as entry element | Missionaries |
| General subdivision | Biography |
| Geographic subdivision | Lesotho |
| 9 (RLIN) | 21282 |
| 650 ## - SUBJECT ADDED ENTRY--TOPICAL TERM | |
| Topical term or geographic name as entry element | Missionaries |
| General subdivision | Biography |
| Geographic subdivision | Switzerland |
| 9 (RLIN) | 21283 |
| 650 ## - SUBJECT ADDED ENTRY--TOPICAL TERM | |
| Topical term or geographic name as entry element | Murder |
| General subdivision | Morija |
| Geographic subdivision | Lesotho |
| 9 (RLIN) | 21284 |
| 650 ## - SUBJECT ADDED ENTRY--TOPICAL TERM | |
| Topical term or geographic name as entry element | Societe des missions evangeliques de Paris |
| 9 (RLIN) | 21285 |
| 942 ## - ADDED ENTRY ELEMENTS (KOHA) | |
| Source of classification or shelving scheme | Library of Congress Classification |
| Item type | Monograph ( Printed materials) |
| Withdrawn status | Lost status | Source of classification or shelving scheme | Damaged status | Not for loan | Collection code | Home library | Current library | Shelving location | Date acquired | Total Checkouts | Full call number | Barcode | Date last seen | Date last borrowed | Price effective from | Koha item type |
|---|---|---|---|---|---|---|---|---|---|---|---|---|---|---|---|---|
| Library of Congress Classification | Main Collection | ARRUPE LIBRARY | ARRUPE LIBRARY | Main Collection | 08/12/2015 | 1 | BV3625.B5J33 2005 | 46500005582 | 09/03/2017 | 21/09/2016 | 08/12/2015 | Monograph ( Printed materials) |